01410cam a22003131 450000100060000000300080000600500170001400800330003103500190006403500180008304000410010104100080014208200290015011000550017924501680023426001070040230000580050949000630056761000550063065000420068565000430072765100450077083000210081570000430083683000480087994200120092799900170093995201400095632085BD-RjUL20211209051803.0140423s1904 enk 000 0 eng a(BD-RjUL)32174 a(OCoLC)367601 aDLCcODaWUdOCoLCdDLCdBD-RjULbeng aeng a283.4212 bSTM Pt.1 19042 aSt. Mary at Hill (Church : London, England)99767314aThe medieval records of a London city church (St. Mary at Hill) A.D. 1420-1559.cTranscribed and edited, with facsimiles and an introduction, by Henry Littlehales. aLondon :bPub. for the Early English Text Society by K. Paul, Trench, Trübner & Co., limited,c1904. axcvi, 355, [1] p. :bfront., plan, facsims. ;c23 cm.1 aEarly English Text Society. Original series,vno. 125, 12820aSt. Mary at Hill (Church : London, England)997674 0aChurch financezGreat Britain.997205 0aPriceszGreat BritainxHistory.997663 0aLondon (England)xChurch history.997208 0v125, etc.9976751 aLittlehales, Henry,d1859-eed.997210 0aEarly English Text Society (Series).997676 2ddccBK c32085d32085 00102ddc4070aRUCLbRUCLcStackd1956-11-12eBlack Wellg12.00l0o283.4212 STM Pt.1 1904r2014-04-23 00:00:00tC-2w2014-04-23yBK